Pieces of Latin Quiz Stats

 Plays Quiz not verified by Sporcle

Support Sporcle.
Go Orange.
Score 0/27 Timer 03:00
0 Plays Today
in latin/greek in english % Correct
trithree
92.8%
microtiny
91.7%
homosame
89.9%
di/bitwo
88%
pentafive
82.3%
carnocarnivore
79%
heterodifferent
76.1%
taurusbull
72%
rexking
71.1%
archaeoancient
71.1%
ornith(o)bird
70.4%
saur(us)lizard
61.4%
podfoot
59.3%
protoearly
56.1%
in latin/greek in english % Correct
cephalo(n)head
53.3%
tyranno(us)tyrant
43%
don(t)tooth
41.6%
deino/dinoterrible
31%
caudaltail
24.3%
mimusmimic
21.5%
paranear
18.6%
ceratohorned
17.7%
raptorplunderer
15.2%
dromaerunner
8.4%
carcharo(us)shark
7.6%
suchuscrocodile
6.3%
lophcrested
5.2%

You're not logged in!

Compare scores with friends on all Sporcle quizzes.
OR
Log In

From the Vault

'Iron' Things

by babymonkee

This is what we'd normally use to iron things.
Remove Ads.
Support Sporcle.
Get the best of Sporcle when you Go Orange. This ad-free experience offers more features, more stats, and more fun while also helping to support Sporcle. Thank you for becoming a member.

Show Comments

Extras

Top Quizzes Today


Score Distribution

Your Account Isn't Verified!

In order to create a playlist on Sporcle, you need to verify the email address you used during registration. Go to your Sporcle Settings to finish the process.

Report this User

Report this user for behavior that violates our Community Guidelines.

Details: